000 00743nam a2200241Ia 4500
003 GCL
008 140319s9999 xx 000 0 ara d
040 _aGCL /
_cGCL
082 0 4 _a657.48
_bع ا
100 1 _aعبدالفتاح الصحن
245 1 0 _aالمحاسبة المالية: دارسة وتحليل /
_cعبدالفتاح الصحن
260 _a[S.N] :
_bمؤسسة شباب الجامعة ،
_c1993
300 _a618 ص
490 _a
650 0 4 _aمراجعة الحسابات
650 0 4 _aالمحاسبة
650 0 4 _aالادارة المالية
650 0 4 _aالمشروعات
650 0 4 _aالرياضة
650 0 4 _aضبط التكاليف
650 0 4 _aامساك الدفاتر
942 _2ddc
_cBK
999 _c55100
_d55100